00783nam a2200181 a 450000100100000000500170001000800410002704000250006824501230009326000330021630000270024949000290027650000850030571000510039083000380044195201050047999900170058400003745220200930080358.0120418s1997 dr a 000 0 spa d aDO-SdBNPbspacBNPHU03aLa técnica del ensilaje como alternativa de alimentación del ganado para los productores el caso de Azua y Baní. aSanto Domingo :bJAD,c1997. a32 p. :bil. ;c20 cm.1 aDocumentos técnicosv1 aProyecto de Apoyo a la Productividad y la Competitividad Agropecuaria (PROAGRO).22aJunta Agroempresarial Dominicana, (JAD)963903 0aDocumentos técnicos ;v1915124 0010718PDaPDbPDcCTd2012-04-18iLF1l0o p37452-10r2020-06-25w2020-06-25yLFPDZNo se presta c36942d36942